Pla de gestió del Palau Güell 2018-2022
Descripción Física:
81 pàgines : il·lustracions en color ; 30 cm
Materias:
Palau Güell (Barcelona)
; Planificació estratègica -- Barcelona (Catalunya)
; Patrimoni cultural -- Protecció -- Barcelona (Catalunya)
Idioma:
Catalán
MARC
| LEADER | 00000nam a2200000 i 4500 | ||
|---|---|---|---|
| 001 | 25970 | ||
| 005 | 20260324181124.0 | ||
| 008 | 181210s2018 spca||| ||||o0|0 0 cat| | ||
| 017 | |a DL B 12530-2018 |b Biblioteca de Catalunya | ||
| 043 | |a e-sp--- |b e-spc-- |2 catmarc | ||
| 080 | |a Bib-685 | ||
| 110 | 2 | |a Palau Güell (Barcelona) |e autor |9 17034 | |
| 245 | 1 | 0 | |a Pla de gestió del Palau Güell 2018-2022 |
| 264 | 1 | |a Barcelona : |b Diputació de Barcelona, |c [2018] | |
| 300 | |a 81 pàgines : |b il·lustracions en color ; |c 30 cm | ||
| 336 | |a text |b txt |2 rdacontent | ||
| 337 | |a sense mediació |b n |2 rdamedia | ||
| 338 | |a volum |b nc |2 rdacarrier | ||
| 504 | |a Bibliografia: pàgina 67 | ||
| 610 | 2 | 0 | |a Palau Güell (Barcelona) |9 17034 |
| 650 | 0 | |a Planificació estratègica |z Barcelona (Catalunya) |2 lemac |9 53504 | |
| 650 | 0 | |a Patrimoni cultural |x Protecció |z Barcelona (Catalunya) |2 lemac |9 53505 | |
| 710 | 1 | |a Barcelona (Catalunya : Província). |b Diputació |9 52408 | |
| 908 | |a BC | ||
| 940 | |a BC | ||
| 942 | |2 udc |c ARXIU |n 1 | ||
| 952 | |0 0 |1 0 |4 0 |6 BIB685 |7 1 |9 62435 |a Arxiu |b Arxiu |d 2022-06-16 |l 0 |o Bib-685 |p 25970 |r 2022-06-16 00:00:00 |w 2022-06-16 |y ARXIU | ||
| 999 | |c 82073 |d 82073 | ||